[Event "4th HD Bank Cup 2014"]
[Site "Ho Chi Minh City VIE"]
[Date "2014.03.11"]
[Round "3.34"]
[White "Luu, Duc Hai"]
[Black "Boricsev, Oleg"]
[Result "0-1"]
[BlackTitle "IM"]
[WhiteElo "1913"]
[BlackElo "2339"]
[WhiteFideId "12412228"]
[BlackFideId "720500"]
[EventDate "2014.03.10"]

1. d4 d5 2. c4 e6 3. Nf3 c5 4. Nc3 Nc6 5. e3 Nf6 6. cxd5 exd5 7. Be2 Be7 8. O-O
O-O 9. Qc2 Bg4 10. Rd1 c4 11. Ne5 Bxe2 12. Qxe2 Bb4 13. Bd2 Re8 14. f4 Rc8 15.
Rac1 Bxc3 16. bxc3 Ne4 17. Qh5 Qe7 18. Rf1 f6 19. Ng4 Qf7 20. Qxf7+ Kxf7 21. Rf3
b5 22. a3 a5 23. Nf2 b4 24. axb4 axb4 25. Be1 Nxf2 26. Bxf2 Ra8 27. Be1 Ra2 28.
Rb1 f5 29. h3 Rea8 30. Rf1 Ra1 31. Bd2 Rxb1 32. Rxb1 Ra2 33. Be1 Ke6 34. Kh2 b3
35. Kg3 Nb8 36. Kf3 Nd7 37. Kg3 Nf6 38. Kf3 Ne4 39. g4 g6 40. g5 Kd7 41. h4 0-1

[Event "4th HD Bank Cup 2014"]
[Site "Ho Chi Minh City VIE"]
[Date "2014.03.11"]
[Round "3.35"]
[White "Tran, Thi Mong Thu"]
[Black "Nguyen, Sy Hung"]
[Result "0-1"]
[WhiteElo "1909"]
[BlackElo "2131"]
[WhiteFideId "12403415"]
[BlackFideId "12401374"]
[EventDate "2014.03.10"]

1. d4 g6 2. c4 Bg7 3. Nf3 Nf6 4. Nc3 c5 5. d5 d6 6. Qc2 O-O 7. e4 e6 8. Be2 exd5
9. cxd5 a6 10. O-O b5 11. a3 Qc7 12. Nd1 Re8 13. Nd2 Nbd7 14. Rb1 Nb6 15. b3 Qe7
16. Bd3 Bd7 17. f3 Nh5 18. Bb2 Bxb2 19. Qxb2 Qg5 20. Nf2 Nf4 21. g3 Rac8 22.
Rbd1 c4 23. bxc4 Nxd3 24. Nxd3 Qe3+ 25. Nf2 Nxc4 26. Nxc4 bxc4 27. Kg2 Rb8 28.
Qf6 Rb6 29. Rc1 h5 30. Rc3 Qe2 31. Rcc1 Qb2 32. Qg5 Rb3 33. Qf4 Qxa3 34. g4 hxg4
35. Nxg4 Bxg4 36. fxg4 Rb7 37. Rc2 Qd3 38. Rcf2 Qxe4+ 39. Qxe4 Rxe4 40. Kg3 Rd4
41. Rf4 Rd3+ 42. Kh4 Rc7 43. Rc1 c3 44. Ra4 f6 0-1

[Event "4th HD Bank Cup 2014"]
[Site "Ho Chi Minh City VIE"]
[Date "2014.03.11"]
[Round "3.36"]
[White "Nguyen, Truong Bao Tran"]
[Black "Tran, Quang Khai"]
[Result "1-0"]
[WhiteElo "1889"]
[BlackElo "2091"]
[WhiteFideId "12402311"]
[BlackFideId "12402591"]
[EventDate "2014.03.10"]

1. c4 Nf6 2. d4 e6 3. e3 Bb4+ 4. Bd2 Qe7 5. Nf3 Nc6 6. Be2 Bxd2+ 7. Nbxd2 d6 8.
O-O a5 9. a3 a4 10. b4 axb3 11. Nxb3 e5 12. d5 Na5 13. Nfd2 Bd7 14. a4 b6 15.
Qc2 O-O 16. Ra3 Nxb3 17. Qxb3 Ra5 18. Rfa1 Rfa8 19. Bd1 Qe8 20. Bc2 g6 21. h3
Kg7 22. Nb1 Bc8 23. Qb4 Nd7 24. Nc3 Nc5 25. Nb5 Qd8 26. f4 f6 27. Rf1 e4 28. Nd4
Bd7 29. f5 Qe8 30. Ne6+ Bxe6 31. fxe6 Nxe6 32. dxe6 Qxe6 33. Qc3 Re5 34. Qd4 h5
35. Rf4 Re8 36. Ra1 g5 37. Rf2 g4 38. h4 Kg6 39. Raf1 f5 40. g3 Rc5 41. Bb3 Qc8
42. Rd1 Ree5 43. Kg2 Qa6 44. Rfd2 Qa5 45. Qb2 Qb4 46. Kf2 Kf7 47. Rd5 Rexd5 48.
Rxd5 Rxd5 49. cxd5 f4 50. gxf4 g3+ 51. Kxg3 Qe1+ 52. Qf2 Qa1 53. Bc2 Qa2 54.
Bxe4 Qxa4 55. Qf3 Ke7 56. Bg6 Kf6 57. Qe4 Qd7 58. Bxh5 1-0

[Event "4th HD Bank Cup 2014"]
[Site "Ho Chi Minh City VIE"]
[Date "2014.03.11"]
[Round "3.37"]
[White "Wolfaardt, Francois"]
[Black "Duong, Thuong Cong"]
[Result "0-1"]
[WhiteElo "1785"]
[BlackElo "2078"]
[WhiteFideId "14302578"]
[BlackFideId "12402443"]
[EventDate "2014.03.10"]

1. e4 c5 2. Nf3 d6 3. Bb5+ Bd7 4. Bxd7+ Nxd7 5. O-O Ngf6 6. Re1 e6 7. c3 Be7 8.
d4 O-O 9. Bg5 h6 10. Bh4 Re8 11. e5 dxe5 12. dxe5 Nd5 13. Bxe7 Qxe7 14. Nbd2
Red8 15. Qa4 Nf8 16. Rad1 Ng6 17. Nc4 a6 18. Nd6 Nxe5 19. Nxe5 Rxd6 20. Qc4 Nf6
21. Rd3 Rxd3 22. Nxd3 Rc8 23. Ne5 Qd6 24. Qd3 Rd8 25. Rd1 Qxd3 26. Rxd3 Rxd3 27.
Nxd3 Nd7 28. f4 Kf8 29. Kf2 Ke7 30. Ke3 Kd6 31. c4 f5 32. g3 e5 33. b3 e4 34.
Nc1 b5 35. cxb5 axb5 36. Ne2 b4 37. g4 g6 38. gxf5 gxf5 39. Kd2 Nf6 40. h3 Nd5
41. Kc2 Ke6 42. Kb2 Kf6 43. a4 bxa3+ 44. Kxa3 e3 45. Ka4 Nxf4 46. Nxf4 Ke5 47.
Nd3+ Kd4 48. Ne1 f4 49. Kb5 Ke4 50. Kxc5 f3 51. b4 f2 52. Nc2 f1=Q 53. Nxe3 Kxe3
54. b5 Qxh3 55. b6 Qc8+ 56. Kb5 Kd4 57. Kb4 Qa6 58. Kb3 Qxb6+ 59. Kc2 Qb4 60.
Kc1 Kd3 0-1

[Event "4th HD Bank Cup 2014"]
[Site "Ho Chi Minh City VIE"]
[Date "2014.03.11"]
[Round "3.38"]
[White "Tran, Le Dan Thuy"]
[Black "Frost, Peter"]
[Result "1-0"]
[WhiteElo "2005"]
[BlackElo "1781"]
[WhiteFideId "12403407"]
[BlackFideId "3204634"]
[EventDate "2014.03.10"]

1. d4 Nf6 2. c4 g6 3. Nc3 Bg7 4. e4 d6 5. Nf3 O-O 6. Be2 e5 7. O-O exd4 8. Qxd4
Nc6 9. Qd3 Bg4 10. Rd1 Bxf3 11. Qxf3 Nd7 12. Qh3 Nd4 13. Bd3 Ne5 14. Bh6 c6 15.
Bxg7 Kxg7 16. f4 Nxd3 17. Rxd3 Ne6 18. Rf1 Qe7 19. f5 Ng5 20. Qg4 f6 21. Rg3 Nf7
22. Ne2 Ne5 23. Qh4 g5 24. Qh5 Qf7 25. Qxf7+ Kxf7 26. b3 Rfd8 27. Nd4 a5 28. Ne6
Rd7 29. Rd1 a4 30. Rc3 axb3 31. axb3 c5 32. h4 g4 33. Rc2 Ke7 34. Nf4 Ra3 35.
Rb2 Rd8 36. Kf2 Rda8 37. Nd5+ Kf7 38. Rdd2 g3+ 39. Ke2 Ra1 40. Nc7 Rc8 41. Nb5
Ke7 42. Rxd6 Rg1 43. Ke3 Rd8 44. Re6+ Kf8 45. Rxf6+ Kg7 46. Rd6 Re1+ 47. Re2
Ng4+ 48. Kd2 Rxd6+ 49. Nxd6 Rxe2+ 50. Kxe2 b6 51. Kf3 Ne5+ 52. Kxg3 Nd3 53. Nc8
Kf6 54. Nxb6 Ke5 55. Nd7+ Kd6 56. Nf6 Nc1 57. Nxh7 Nxb3 58. Kf4 Nd2 59. e5+ Ke7
60. f6+ Kf7 61. Ng5+ Ke8 62. e6 Nxc4 63. f7+ 1-0

[Event "4th HD Bank Cup 2014"]
[Site "Ho Chi Minh City VIE"]
[Date "2014.03.11"]
[Round "3.39"]
[White "Pham, Hoang Nhat Anh"]
[Black "Le, Minh Hoang"]
[Result "0-1"]
[BlackTitle "CM"]
[WhiteElo "1513"]
[BlackElo "1931"]
[WhiteFideId "12403148"]
[BlackFideId "12404683"]
[EventDate "2014.03.10"]

1. d4 d5 2. Nf3 Nf6 3. Bf4 c5 4. e3 Nc6 5. h3 Bf5 6. Ne5 e6 7. Bb5 Qb6 8. c4 a6
9. Bxc6+ bxc6 10. b3 cxd4 11. exd4 Bb4+ 12. Kf1 dxc4 13. Nxc4 Qd8 14. Ne5 Rc8
15. a3 Bc5 16. Ra2 Qxd4 17. Qxd4 Bxd4 18. Nd2 Nd5 19. Bg3 Nc3 20. Ra1 f6 21.
Nec4 O-O 22. Re1 Bd3+ 23. Kg1 e5 24. Nd6 Rb8 25. b4 Rfd8 26. N6c4 Ne2+ 27. Kh2
Bc3 28. f3 Nxg3 29. Kxg3 Bxc4 30. Nxc4 Bxe1+ 31. Rxe1 Rd5 32. Rc1 c5 33. Rc3
cxb4 34. Rb3 h6 35. axb4 Rd4 36. Na5 Rbxb4 37. Rc3 Rb2 38. Nc4 Ra2 39. Ne3 Rd7
40. Rc8+ Kh7 41. Ra8 a5 42. Nc4 a4 43. Ra5 Rc7 44. Nb6 Rcc2 45. Ra7 Rxg2+ 46.
Kh4 Rad2 47. Rxa4 Rd4+ 48. Rxd4 exd4 49. Nc4 d3 50. Ne3 d2 51. Nd1 Rg1 52. Nf2
Rf1 53. Nd1 Rxd1 0-1

[Event "4th HD Bank Cup 2014"]
[Site "Ho Chi Minh City VIE"]
[Date "2014.03.12"]
[Round "4.2"]
[White "Lu, Shanglei"]
[Black "Nguyen, Duc Hoa"]
[Result "0-1"]
[WhiteTitle "GM"]
[BlackTitle "IM"]
[WhiteElo "2558"]
[BlackElo "2496"]
[WhiteFideId "8603332"]
[BlackFideId "12401358"]
[EventDate "2014.03.10"]

1. e4 c5 2. Nf3 Nc6 3. Bb5 e6 4. O-O Nge7 5. Re1 a6 6. Bf1 d5 7. exd5 Nxd5 8. d4
Be7 9. c4 Nf6 10. Be3 O-O 11. Nc3 cxd4 12. Nxd4 Qc7 13. Qe2 Bd7 14. a3 Rfe8 15.
Rad1 Rad8 16. b4 h6 17. Nb3 e5 18. h3 Bf5 19. Nd5 Nxd5 20. cxd5 Nb8 21. Rc1 Qd7
22. Red1 Bd6 23. Na5 Qe7 24. Bc5 Bg6 25. Qe3 f5 26. Bxd6 Rxd6 27. Nc4 Rdd8 28.
Qb6 Bh5 29. Rd2 e4 30. d6 Qg5 31. Qxb7 Nd7 32. Qd5+ Bf7 33. Qd4 Kh8 34. Kh1 f4
35. Re1 Bg6 36. Na5 e3 37. fxe3 Re4 38. Qa7 Qg3 39. Rdd1 f3 40. Nc6 Rh4 41. Nxd8
Be4 42. Nf7+ Kh7 0-1

[Event "4th HD Bank Cup 2014"]
[Site "Ho Chi Minh City VIE"]
[Date "2014.03.12"]
[Round "4.3"]
[White "Gomez, John Paul"]
[Black "Dimakiling, Oliver"]
[Result "1/2-1/2"]
[WhiteTitle "GM"]
[BlackTitle "IM"]
[WhiteElo "2534"]
[BlackElo "2364"]
[WhiteFideId "5201381"]
[BlackFideId "5202248"]
[EventDate "2014.03.10"]

1. d4 d5 2. c4 c6 3. Nf3 Nf6 4. Nc3 a6 5. cxd5 cxd5 6. Bf4 Nc6 7. e3 e6 8. Bd3
Bd6 9. Bxd6 Qxd6 10. O-O O-O 11. Rc1 Bd7 12. Qe2 e5 13. dxe5 Nxe5 14. Nxe5 Qxe5
15. h3 Bc6 16. Rfe1 h6 17. Qf1 d4 18. exd4 Qxd4 19. Re3 Rfe8 20. Rce1 Rxe3 21.
Rxe3 Re8 22. Rxe8+ Nxe8 23. Qd1 g6 24. Bf1 Qxd1 25. Nxd1 Nd6 26. f3 Kf8 27. Kf2
Ke7 28. Bd3 Ke6 29. Nc3 g5 30. Ke3 Ke5 1/2-1/2

[Event "4th HD Bank Cup 2014"]
[Site "Ho Chi Minh City VIE"]
[Date "2014.03.12"]
[Round "4.4"]
[White "Tran, Thanh Tu"]
[Black "Diu, Viacheslav"]
[Result "1/2-1/2"]
[WhiteTitle "CM"]
[BlackTitle "IM"]
[WhiteElo "2277"]
[BlackElo "2474"]
[WhiteFideId "12401404"]
[BlackFideId "4167465"]
[EventDate "2014.03.10"]

1. e4 c6 2. d3 d5 3. Nd2 e5 4. Ngf3 Bd6 5. d4 exd4 6. exd5 Nf6 7. Nc4 Bb4+ 8.
Bd2 Bxd2+ 9. Qxd2 cxd5 10. Nce5 O-O 11. Bb5 Ne4 12. Qb4 f6 13. Nd3 a6 14. Qa3
Bg4 15. Ba4 Nc6 16. Bxc6 bxc6 17. Nxd4 Qb6 18. Qa4 c5 19. Qc6 Qa5+ 20. b4 cxb4
21. Nb3 Qd8 22. Nxb4 Rc8 23. Qxd5+ Qxd5 24. Nxd5 Rxc2 25. O-O Bh5 26. f3 Nc3 27.
Nb4 Rb2 28. Rf2 Rxf2 29. Kxf2 Bf7 30. Nxa6 Ra8 31. Nac5 Rxa2+ 32. Rxa2 Nxa2 1/2-1/2

[Event "4th HD Bank Cup 2014"]
[Site "Ho Chi Minh City VIE"]
[Date "2014.03.12"]
[Round "4.5"]
[White "Nguyen, Anh Dung"]
[Black "Dang, Hoang Son"]
[Result "0-1"]
[WhiteTitle "GM"]
[BlackTitle "FM"]
[WhiteElo "2469"]
[BlackElo "2043"]
[WhiteFideId "12400025"]
[BlackFideId "12402435"]
[EventDate "2014.03.10"]

1. d4 d5 2. c4 c6 3. Nf3 Nf6 4. e3 Bf5 5. Nc3 e6 6. Nh4 Bg4 7. f3 Bh5 8. g3 Nbd7
9. cxd5 cxd5 10. Be2 a6 11. Ng2 Bd6 12. Nf4 Bg6 13. Nxg6 hxg6 14. Kf2 b5 15. Bd2
Qb8 16. Kg2 Qb7 17. Rc1 Nb6 18. b3 Ke7 19. Bd3 b4 20. Ne2 Rac8 21. g4 Rxc1 22.
Qxc1 Rc8 23. Qe1 a5 24. h4 Qa8 25. Ng3 Qb8 26. g5 Nh5 27. Nxh5 gxh5 28. g6 f6
29. Qe2 Rh8 30. e4 Bf4 31. Re1 Bxd2 32. Qxd2 dxe4 33. Rxe4 Rd8 34. Bc4 Rd6 35.
Qe2 Qc8 36. f4 Qc6 37. Kg3 f5 38. Re5 Nxc4 39. bxc4 Rxd4 40. c5 Qd7 41. Rxf5
Rd3+ 42. Kg2 Rd2 43. Rf7+ Ke8 0-1

[Event "4th HD Bank Cup 2014"]
[Site "Ho Chi Minh City VIE"]
[Date "2014.03.12"]
[Round "4.6"]
[White "Kashlinskaya, Alina"]
[Black "Nguyen, Van Hai"]
[Result "1/2-1/2"]
[WhiteTitle "WGM"]
[BlackTitle "IM"]
[WhiteElo "2440"]
[BlackElo "2341"]
[WhiteFideId "4198026"]
[BlackFideId "12400122"]
[EventDate "2014.03.10"]

1. d4 d5 2. c4 e6 3. Nc3 c5 4. cxd5 exd5 5. Nf3 Nc6 6. g3 Nf6 7. Bg2 Be7 8. O-O
O-O 9. dxc5 Bxc5 10. a3 Re8 11. b4 Bf8 12. Bg5 Be6 13. Rc1 h6 14. Bxf6 Qxf6 15.
Nxd5 Bxd5 16. Qxd5 Rxe2 17. Qb5 Re7 18. Qc4 Rd8 19. Qc3 Qxc3 20. Rxc3 g6 21.
Rfc1 Bg7 22. Rb3 Rd6 23. Bf1 Nd4 24. Nxd4 Bxd4 25. Rd3 b6 26. Rcd1 Red7 27. Kg2
Be5 28. Rxd6 Rxd6 29. Rxd6 Bxd6 30. Kf3 a5 31. bxa5 1/2-1/2

[Event "4th HD Bank Cup 2014"]
[Site "Ho Chi Minh City VIE"]
[Date "2014.03.12"]
[Round "4.7"]
[White "Liu, Xiangyi"]
[Black "Nguyen, Van Huy"]
[Result "0-1"]
[WhiteTitle "FM"]
[BlackTitle "IM"]
[WhiteElo "2159"]
[BlackElo "2414"]
[WhiteFideId "8605718"]
[BlackFideId "12401064"]
[EventDate "2014.03.10"]

1. e4 c6 2. d4 d5 3. exd5 cxd5 4. Bd3 Nc6 5. c3 Nf6 6. Bf4 Bg4 7. Qb3 Qc8 8. Nd2
e6 9. Ngf3 Be7 10. O-O Bh5 11. Ne5 Nxe5 12. dxe5 Nd7 13. c4 d4 14. Ne4 O-O 15.
Rac1 b6 16. Bb1 Nc5 17. Nxc5 bxc5 18. Bxh7+ Kxh7 19. Qh3 g6 20. g4 Rh8 21. gxh5
Kg8 22. h6 Qb7 23. f3 Kh7 24. Rf2 Rag8 25. Rg2 g5 26. Bd2 Qxb2 27. f4 gxf4 28.
Qd3+ Rg6 29. Rb1 Qxa2 30. h4 Bxh4 31. Qxg6+ fxg6 32. Rb7+ Kg8 33. Bxf4 Qxg2+ 34.
Kxg2 g5 35. Bd2 Rxh6 36. Rxa7 Rh7 37. Ra8+ Kf7 38. Kf3 g4+ 39. Kxg4 Be7 40. Ra7
Kg6 41. Be1 Rf7 42. Bg3 Bf8 43. Ra6 Re7 44. Ra8 Kf7 45. Rd8 Ra7 46. Kh5 Be7 47.
Rb8 Ra3 48. Bf4 Ra7 49. Kg4 Rd7 50. Kf3 d3 51. Rb2 Kg6 52. Ke3 Bg5 53. Bxg5 d2
54. Rxd2 Rxd2 55. Be7 Rd4 56. Bxc5 Rxc4 57. Bd6 Kf5 58. Kd3 Ra4 59. Ke3 Ra5 60.
Kf3 Rd5 61. Bb8 Rd3+ 62. Ke2 Ke4 63. Bd6 Rd5 64. Kf2 Rd2+ 65. Ke1 Kd3 66. Kf1
Re2 67. Kg1 Ke3 68. Bc5+ Kf3 69. Bd4 Re1+ 70. Kh2 Rf1 71. Ba7 Ke4 72. Bb8 Rf5 0-1

[Event "4th HD Bank Cup 2014"]
[Site "Ho Chi Minh City VIE"]
[Date "2014.03.12"]
[Round "4.9"]
[White "Emojong, Elijah"]
[Black "Nguyen, Ngoc Truong Son"]
[Result "0-1"]
[WhiteTitle "IM"]
[BlackTitle "GM"]
[WhiteElo "2350"]
[BlackElo "2613"]
[WhiteFideId "10000402"]
[BlackFideId "12401110"]
[EventDate "2014.03.10"]

1. d4 d5 2. c4 c6 3. Nf3 Nf6 4. Nc3 e6 5. Bg5 Nbd7 6. e3 Bb4 7. cxd5 exd5 8. Bd3
h6 9. Bf4 Nh5 10. Be5 Nxe5 11. dxe5 g6 12. Qb3 Qe7 13. a3 Ba5 14. O-O O-O 15. h3
Bc7 16. e4 d4 17. Nxd4 Bxh3 18. f4 Bg4 19. Be2 Bb6 20. Rad1 Rad8 21. Bxg4 Rxd4
22. Kh2 Qh4+ 23. Bh3 Nxf4 24. Rf3 Nxh3 25. gxh3 Qg5 26. e6 Rd2+ 27. Rxd2 Qg1# 0-1

[Event "4th HD Bank Cup 2014"]
[Site "Ho Chi Minh City VIE"]
[Date "2014.03.12"]
[Round "4.10"]
[White "Hoang, Canh Huan"]
[Black "Dao, Thien Hai"]
[Result "1/2-1/2"]
[WhiteTitle "FM"]
[BlackTitle "GM"]
[WhiteElo "2321"]
[BlackElo "2508"]
[WhiteFideId "12400599"]
[BlackFideId "12400084"]
[EventDate "2014.03.10"]

1. d4 d5 2. c4 c6 3. cxd5 cxd5 4. Nc3 Nf6 5. Nf3 Nc6 6. Bf4 Bf5 7. e3 e6 8. Bd3
Bxd3 9. Qxd3 Bd6 10. Bxd6 Qxd6 11. O-O O-O 12. Rfc1 Rfc8 13. h3 h6 14. Nd2 Ne7
15. a3 Nd7 16. Ne2 Rxc1+ 17. Rxc1 Rc8 18. Rxc8+ Nxc8 19. Qb3 Qc6 20. Qc3 Qxc3
21. Nxc3 Nd6 22. Kf1 Kf8 23. Ke2 Ke7 24. Kd3 Kd8 25. b3 Ke7 26. Ndb1 Nb8 27. Nd2
Nd7 28. Ndb1 Nb8 29. Nd2 Nd7 30. Ndb1 Nb8 1/2-1/2

[Event "4th HD Bank Cup 2014"]
[Site "Ho Chi Minh City VIE"]
[Date "2014.03.12"]
[Round "4.11"]
[White "Pham, Duc Thang"]
[Black "Kuderinov, Kirill"]
[Result "0-1"]
[WhiteTitle "FM"]
[BlackTitle "IM"]
[WhiteElo "2201"]
[BlackElo "2454"]
[WhiteFideId "12401420"]
[BlackFideId "13701568"]
[EventDate "2014.03.10"]

1. d4 Nf6 2. Nf3 e6 3. e3 b6 4. Bd3 Bb7 5. O-O Be7 6. b3 O-O 7. Bb2 Ne4 8. c4 d5
9. Nbd2 Nd7 10. cxd5 exd5 11. Rc1 Bd6 12. Qe2 a5 13. Bb5 Qe7 14. Nxe4 dxe4 15.
Nd2 Nf6 16. f3 exf3 17. gxf3 Nd5 18. Ne4 Bb4 19. Bc4 Kh8 20. Bxd5 Bxd5 21. Ng3
f5 22. e4 fxe4 23. fxe4 Rxf1+ 24. Rxf1 Bb7 25. Qg4 Rf8 26. Rxf8+ Qxf8 27. d5
Bc5+ 28. Kh1 Qf7 29. Nf5 Bf8 30. Qf4 Kg8 31. Qg5 g6 32. Nd4 Qf1+ 33. Qg1 Qd3 34.
Qe1 Bg7 35. Ne6 Bxb2 0-1

[Event "4th HD Bank Cup 2014"]
[Site "Ho Chi Minh City VIE"]
[Date "2014.03.12"]
[Round "4.12"]
[White "Vo, Thanh Ninh"]
[Black "Tu, Hoang Thong"]
[Result "1-0"]
[BlackTitle "GM"]
[WhiteElo "2299"]
[BlackElo "2434"]
[WhiteFideId "12402141"]
[BlackFideId "12400076"]
[EventDate "2014.03.10"]

1. c4 e5 2. g3 d5 3. cxd5 Qxd5 4. Nf3 Bb4 5. a3 e4 6. axb4 exf3 7. Nc3 fxe2 8.
Qxe2+ Qe6 9. Nb5 Kd8 10. Qxe6 Bxe6 11. Nxa7 Kd7 12. Bg2 Nc6 13. Bxc6+ bxc6 14.
d3 Ne7 15. Be3 Nd5 16. Bc5 Rab8 17. Ra4 Rhe8 18. f3 Nc3 19. bxc3 Bb3+ 20. Kd2
Bxa4 21. Ra1 Bb5 22. c4 Re6 23. Ra5 Bxc4 24. dxc4 Rbe8 25. b5 cxb5 26. Nxb5 Re2+
27. Kd3 Rxh2 28. Ra7 Rc8 29. Bd6 Rf2 30. Bxc7 Rxf3+ 31. Ke4 Rf1 32. Bf4+ Kc6 33.
Rxf7 Re1+ 34. Kf3 Rg8 35. Rc7+ Kb6 36. Be3+ 1-0

[Event "4th HD Bank Cup 2014"]
[Site "Ho Chi Minh City VIE"]
[Date "2014.03.12"]
[Round "4.13"]
[White "Shyam, Nikil P."]
[Black "Duong, The Anh"]
[Result "1/2-1/2"]
[WhiteTitle "IM"]
[BlackTitle "IM"]
[WhiteElo "2431"]
[BlackElo "2335"]
[WhiteFideId "5024218"]
[BlackFideId "12401277"]
[EventDate "2014.03.10"]

1. Nf3 e6 2. c4 b6 3. Nc3 Bb7 4. e4 Bb4 5. Qc2 Ne7 6. a3 Bxc3 7. Qxc3 f6 8. d3
c5 9. b4 Qc7 10. Be2 e5 11. bxc5 bxc5 12. O-O Nbc6 13. Rb1 O-O 14. Be3 d6 15.
Nd2 Bc8 16. f4 exf4 17. Bxf4 Ng6 18. Bg3 Be6 19. Nb3 Nge5 20. d4 cxd4 21. Nxd4
Nxd4 22. Qxd4 Rab8 23. Bf2 Rfc8 24. Rxb8 Qxb8 25. Rc1 Nxc4 26. h3 Nb6 27. Rxc8+
Nxc8 28. Ba6 Kf7 29. a4 Qc7 30. Bxc8 Bxc8 31. Qxa7 Qxa7 32. Bxa7 Bb7 33. Kf2
Bxe4 34. g3 Ke6 35. Ke3 Bg2 36. h4 Kd5 37. a5 Bf1 38. Bd4 Ba6 39. g4 Ke6 40. Kf4
h6 41. g5 hxg5+ 42. hxg5 Bb5 43. gxf6 gxf6 44. Bb2 Ba6 45. Bd4 f5 46. Bb2 Bc8
47. Ba3 Kd5 48. a6 Bxa6 49. Bxd6 Kxd6 50. Kxf5 1/2-1/2

[Event "4th HD Bank Cup 2014"]
[Site "Ho Chi Minh City VIE"]
[Date "2014.03.12"]
[Round "4.14"]
[White "Prasanna Raghuram Rao"]
[Black "Yeoh, Li Tian"]
[Result "1-0"]
[WhiteTitle "IM"]
[WhiteElo "2410"]
[BlackElo "2320"]
[WhiteFideId "5022401"]
[BlackFideId "5702895"]
[EventDate "2014.03.10"]

1. e4 c6 2. d4 d5 3. exd5 cxd5 4. c4 Nf6 5. Nc3 Nc6 6. Bg5 e6 7. Nf3 Be7 8. c5
O-O 9. Bb5 h6 10. Bf4 Bd7 11. O-O Ne4 12. Rc1 Bf6 13. Re1 Qa5 14. Bxc6 Bxc6 15.
a3 Rad8 16. Re3 Qa6 17. b4 b6 18. Nxe4 dxe4 19. Ne5 Bxe5 20. Bxe5 f6 21. Bd6 Rf7
22. Qg4 f5 23. Qf4 g5 24. Qe5 Bd5 25. Rh3 Kh7 26. Be7 Rg8 27. c6 e3 28. c7 Qxa3
29. Qxe3 Qxe3 30. Rxe3 Rc8 31. Bd6 Rd7 32. Be5 a6 33. Ra3 Bb7 34. h4 Kg6 35.
hxg5 hxg5 36. Rh3 Rh7 37. Rhc3 Rd7 38. Kf1 g4 39. f3 gxf3 40. gxf3 Kf7 41. Kf2
Ke8 42. Rg1 Rh7 43. b5 axb5 44. Rb1 Ra8 45. Rxb5 Rh3 46. Kg2 Rh6 47. Rxb6 Rg6+
48. Kf2 Ra2+ 49. Ke3 Bc8 50. Rd6 Rg8 51. Rd8+ Kf7 52. Rxg8 Kxg8 53. Rb3 f4+ 54.
Kxf4 1-0

[Event "4th HD Bank Cup 2014"]
[Site "Ho Chi Minh City VIE"]
[Date "2014.03.12"]
[Round "4.15"]
[White "Yap, Kim Steven"]
[Black "Tran, Manh Tien"]
[Result "1/2-1/2"]
[WhiteTitle "IM"]
[WhiteElo "2407"]
[BlackElo "2304"]
[WhiteFideId "5202809"]
[BlackFideId "12401897"]
[EventDate "2014.03.10"]

1. e4 Nf6 2. e5 Nd5 3. Nc3 Nb6 4. d4 d6 5. Nf3 dxe5 6. Nxe5 N8d7 7. Bf4 Nxe5 8.
Bxe5 c6 9. Bd3 Be6 10. Qe2 Nd7 11. Bg3 g6 12. Ne4 Bh6 13. Bc4 Bxc4 14. Nd6+ Kf8
15. Nxc4 Bg5 16. h4 Bf6 17. h5 Nb6 18. Be5 Nxc4 19. Bxf6 Qa5+ 20. c3 exf6 21.
Qxc4 Re8+ 22. Kf1 h6 23. Rh3 Kg7 24. Qd3 Re6 25. b4 Qd5 26. c4 Qd6 27. Rg3 g5
28. a3 Rd8 29. Rd1 Qf4 30. Qd2 Qh4 31. Rh3 Qg4 32. Kg1 Re4 33. d5 Rxc4 34. d6
Qe6 35. d7 Re4 36. Rd3 Kf8 37. Rd6 Qe5 38. g3 Ke7 39. Rd3 Re2 40. Qc1 Re4 41.
Qc2 f5 42. Kf1 Qb5 43. Kg2 Qe5 44. Kf1 f4 45. g4 f6 46. f3 Re3 47. Rxe3 fxe3 48.
Qh7+ Ke6 49. Ke2 Qh2+ 50. Kxe3 Qf4+ 51. Ke2 Qh2+ 52. Ke3 Qe5+ 53. Kf2 Qh2+ 54.
Ke3 Qf4+ 1/2-1/2

[Event "4th HD Bank Cup 2014"]
[Site "Ho Chi Minh City VIE"]
[Date "2014.03.12"]
[Round "4.16"]
[White "Le, Kieu Thien Kim"]
[Black "Pham, Chuong"]
[Result "0-1"]
[WhiteTitle "WIM"]
[BlackTitle "FM"]
[WhiteElo "2199"]
[BlackElo "2353"]
[WhiteFideId "12400572"]
[BlackFideId "12401218"]
[EventDate "2014.03.10"]

1. d4 d5 2. Bf4 Nf6 3. e3 e6 4. Nd2 c5 5. c3 Nc6 6. Ngf3 Bd6 7. Bg5 Bd7 8. Bb5
Qb6 9. a4 a6 10. Bxc6 Bxc6 11. Bxf6 gxf6 12. Qc2 Be7 13. O-O O-O 14. Rfe1 Kh8
15. Nf1 Rg8 16. Ng3 Rg6 17. Nd2 Rag8 18. f4 f5 19. Nf3 Be8 20. Re2 Qd8 21. dxc5
Bxc5 22. c4 dxc4 23. Qxc4 Be7 24. Qb3 Qb8 25. Rc1 Bf6 26. Nh5 Bg7 27. Nxg7 R6xg7
28. Nd4 h6 29. a5 Qd8 30. Rc5 Qd6 31. Qb6 Bc6 32. Rxc6 bxc6 33. Qxc6 Qb4 34.
Qxa6 Qc5 35. Rc2 Qd5 36. Qf1 Qxa5 37. g3 Kh7 38. Kg2 Rd8 39. Qe2 Rd7 40. Kf2 Rc7
41. Nc6 Qa1 42. Kg2 Qa4 43. Qc4 Qxc4 44. Rxc4 Rg8 45. b4 Rb8 46. Kf3 Rb6 47. Ne5
Rxc4 48. Nxc4 Rxb4 49. Ne5 Kg7 50. h3 h5 51. h4 Rb2 52. Nc6 Kf6 53. Ne5 Ke7 54.
Nd3 Ra2 55. e4 Ra3 56. Ke3 Kd6 57. exf5 exf5 58. Kd4 Ra4+ 59. Ke3 Kd5 60. Ne5 f6
61. Nf3 Ra3+ 62. Ke2 Ra2+ 0-1

[Event "4th HD Bank Cup 2014"]
[Site "Ho Chi Minh City VIE"]
[Date "2014.03.12"]
[Round "4.17"]
[White "Shyam, Sundar M."]
[Black "Hoang, Thi Bao Tram"]
[Result "1/2-1/2"]
[WhiteTitle "GM"]
[BlackTitle "WGM"]
[WhiteElo "2507"]
[BlackElo "2269"]
[WhiteFideId "5019141"]
[BlackFideId "12401102"]
[EventDate "2014.03.10"]

1. e4 c6 2. c4 e5 3. Nf3 d6 4. d4 Nd7 5. Nc3 Ngf6 6. g3 Be7 7. Bg2 O-O 8. O-O
Re8 9. Qc2 Bf8 10. h3 b6 11. b3 Bb7 12. Be3 Qc7 13. Rad1 b5 14. Nd2 bxc4 15.
Nxc4 Ba6 16. Rfe1 Rac8 17. dxe5 dxe5 18. Na4 Bb5 19. Nab2 Nc5 20. Nd6 Bxd6 21.
Bxc5 Bxc5 22. Qxc5 Qb6 23. Qc3 h6 24. Bf3 c5 25. Kg2 Qe6 26. h4 c4 27. b4 Bd7
28. Kg1 Qa6 29. a3 Be6 30. Rd2 Qc6 31. Nd1 Nd7 32. Nb2 Nf6 33. Nd1 Nd7 34. Nb2
Rb8 35. Bd1 Nb6 36. a4 a5 37. bxa5 Nd7 38. Rc2 Rec8 39. Be2 Qxe4 40. Bxc4 Qa8
41. Rec1 Rc5 42. Qd2 Bh3 43. f3 Rxa5 44. Bb5 Qa7+ 45. Kh2 Be6 46. Rc7 Qd4 47.
Qxd4 exd4 48. Rc8+ Rxc8 49. Rxc8+ Kh7 50. Rd8 Ne5 51. f4 Ng4+ 52. Kg1 Ra7 53.
Rxd4 Rc7 54. Nc4 Rc5 55. Nd2 Rc1+ 56. Nf1 Ra1 57. Kg2 h5 58. Kf3 Ra3+ 59. Rd3
Ra2 60. Rd2 Ra3+ 61. Rd3 Ra2 62. Ne3 f5 63. Nxg4 fxg4+ 64. Ke3 Bf5 65. Rc3 Kg6
66. Kd4 Rd2+ 67. Ke5 Bb1 68. f5+ Kh7 69. Rc1 Bd3 70. Bxd3 Rxd3 71. Ra1 Rxg3 72.
a5 Re3+ 73. Kd4 Re8 74. a6 g6 75. f6 Kg8 76. Kc5 Kf7 77. a7 Ra8 78. Kb6 Kxf6 79.
Rf1+ Kg7 80. Kb7 Re8 81. Rc1 g3 82. Rg1 Re7+ 83. Kb6 Re6+ 84. Kb5 Re5+ 85. Kb4
Re4+ 86. Kb5 Re5+ 87. Kc6 Re6+ 88. Kb5 Re5+ 89. Kb4 Re4+ 90. Kb5 1/2-1/2